<?xml version="1.0" encoding="UTF-8"?><?xml-stylesheet type="text/xsl" href="static/style.xsl"?><OAI-PMH xmlns="http://www.openarchives.org/OAI/2.0/" xmlns:xsi="http://www.w3.org/2001/XMLSchema-instance" xsi:schemaLocation="http://www.openarchives.org/OAI/2.0/ http://www.openarchives.org/OAI/2.0/OAI-PMH.xsd"><responseDate>2026-04-18T08:30:48Z</responseDate><request verb="GetRecord" identifier="oai:www.recercat.cat:20.500.12327/1525" metadataPrefix="marc">https://recercat.cat/oai/request</request><GetRecord><record><header><identifier>oai:recercat.cat:20.500.12327/1525</identifier><datestamp>2025-10-22T11:20:39Z</datestamp><setSpec>com_2072_4428</setSpec><setSpec>com_2072_4427</setSpec><setSpec>col_2072_487898</setSpec></header><metadata><record xmlns="http://www.loc.gov/MARC21/slim" xmlns:dcterms="http://purl.org/dc/terms/" xmlns:xsi="http://www.w3.org/2001/XMLSchema-instance" xmlns:doc="http://www.lyncode.com/xoai" xsi:schemaLocation="http://www.loc.gov/MARC21/slim http://www.loc.gov/standards/marcxml/schema/MARC21slim.xsd">
   <leader>00925njm 22002777a 4500</leader>
   <datafield ind2=" " ind1=" " tag="042">
      <subfield code="a">dc</subfield>
   </datafield>
   <datafield ind2=" " ind1=" " tag="720">
      <subfield code="a">Guerrero-Navarro, Alfons Eduard</subfield>
      <subfield code="e">author</subfield>
   </datafield>
   <datafield ind2=" " ind1=" " tag="720">
      <subfield code="a">Ríos-Castillo, Abel Guillermo</subfield>
      <subfield code="e">author</subfield>
   </datafield>
   <datafield ind2=" " ind1=" " tag="720">
      <subfield code="a">Ripolles-Avila, Carolina</subfield>
      <subfield code="e">author</subfield>
   </datafield>
   <datafield ind2=" " ind1=" " tag="720">
      <subfield code="a">Zamora, Anna</subfield>
      <subfield code="e">author</subfield>
   </datafield>
   <datafield ind2=" " ind1=" " tag="720">
      <subfield code="a">Hascoët, Anne-Sophie</subfield>
      <subfield code="e">author</subfield>
   </datafield>
   <datafield ind2=" " ind1=" " tag="720">
      <subfield code="a">Felipe, Xavier</subfield>
      <subfield code="e">author</subfield>
   </datafield>
   <datafield ind2=" " ind1=" " tag="720">
      <subfield code="a">Castillo, Manuel</subfield>
      <subfield code="e">author</subfield>
   </datafield>
   <datafield ind2=" " ind1=" " tag="720">
      <subfield code="a">Rodríguez-Jerez, José Juan</subfield>
      <subfield code="e">author</subfield>
   </datafield>
   <datafield ind2=" " ind1=" " tag="260">
      <subfield code="c">2021-10-18</subfield>
   </datafield>
   <datafield ind2=" " ind1=" " tag="520">
      <subfield code="a">Conventional cleaning with chemical products uses a substantial amount of water and energy to clean the fouling related to dairy production, resulting in significant economic costs. We evaluated an enzymatic treatment based on the use of protease and amylase to clean dairy fouling generated in an indirect plate heat exchanger and the spray dryer equipment of a pilot plant, representing real cleaning conditions in the dairy industry. The efficacy of the enzymatic treatment in removing fouling at 50 °C was comparable to that of the clean-in-place method, with alkaline–acid cleaning performed at a maximum temperature of 80 °C. Microbiological analysis showed that the cleaning treatments guaranteed adequate hygienic conditions of the dairy products manufactured. Monitoring fluorescence markers, such as tryptophan, riboflavin, Maillard compounds, and dityrosine could help improve the effectiveness of both alkaline and enzymatic cleaning. The enzymatic treatment fulfills dairy industry objectives, saving water and energy during washing by reducing chemical product use. Considering that enzymatic cleaning is biodegradable after use and that its economic cost is competitive compared to chemical cleaning, it represents a viable alternative to the chemical cleaning of dairy fouling.</subfield>
   </datafield>
   <datafield ind1="8" ind2=" " tag="024">
      <subfield code="a">Guerrero-Navarro, Alfons Eduard, Abel Guillermo Ríos-Castillo, Carolina Ripolles-Avila, Anna Zamora, Anne-Sophie Hascoët, Xavier Felipe, Manuel Castillo, and José Juan Rodríguez-Jerez. 2022. "Effectiveness Of Enzymatic Treatment For Reducing Dairy Fouling At Pilot-Plant Scale Under Real Cleaning Conditions". LWT 154: 112634. doi:10.1016/j.lwt.2021.112634.</subfield>
   </datafield>
   <datafield ind1="8" ind2=" " tag="024">
      <subfield code="a">0023-6438</subfield>
   </datafield>
   <datafield ind1="8" ind2=" " tag="024">
      <subfield code="a">http://hdl.handle.net/20.500.12327/1525</subfield>
   </datafield>
   <datafield ind1="8" ind2=" " tag="024">
      <subfield code="a">https://doi.org/10.1016/j.lwt.2021.112634</subfield>
   </datafield>
   <datafield ind2="0" ind1="0" tag="245">
      <subfield code="a">Effectiveness of enzymatic treatment for reducing dairy fouling at pilot-plant scale under real cleaning conditions</subfield>
   </datafield>
</record></metadata></record></GetRecord></OAI-PMH>